00385nam a2200145Ia 4500008004100000020001800041041000800059082001600067100001700083245003600100250000600136260006500142300001200207650002000219210716s2018 xx 000 0 und d a9789352136964 aeng a003.54 SHAS aSharan, S B. aManagement theory and practice. a1 aNew DelhibShroff Publishers and Distributors Pvt Ltdc2018 axiv,452 aManagement(658)